Escándalos que conmovieron al mundo / (Record no. 94219)

MARC details
000 -LEADER
campo de control de longitud fija 00730nam a2200229 i 4500
001 - NÚMERO DE CONTROL
campo de control 94219
003 - IDENTIFICADOR DE NÚMERO DE CONTROL
campo de control ES-MaACL
005 - FECHA Y HORA DE LA ÚLTIMA TRANSACCIÓN
campo de control 20230906181429.0
007 - CAMPO FIJO DE DESCRIPCIÓN FÍSICA--INFORMACIÓN GENERAL
campo de control de longitud fija t|
008 - DATOS DE LONGITUD FIJA--INFORMACIÓN GENERAL
campo de control de longitud fija 050720s1972 sp ||||1| spa d
080 ## - NÚMERO DE LA CLASIFICACIÓN DECIMAL UNIVERSAL
Número de la Clasificación Decimal Universal 930.9(088.3)
100 1# - ENTRADA PRINCIPAL--NOMBRE DE PERSONA
Nombre de persona Lewinsohn, Richard.
9 (RLIN) 72037
245 10 - MENCIÓN DEL TÍTULO
Título Escándalos que conmovieron al mundo /
Mención de responsabilidad, etc. Morus [seud.] ; [versión de Joaquín Adsuar Ortega].
260 ## - PUBLICACIÓN, DISTRIBUCIÓN, ETC.
Lugar de publicación, distribución, etc. Barcelona :
Nombre del editor, distribuidor, etc. Luis de Caralt,
Fecha de publicación, distribución, etc. 1972.
300 ## - DESCRIPCIÓN FÍSICA
Extensión 326 p., 8 lám. ;
Dimensiones 22 cm.
490 1# - MENCIÓN DE SERIE
Mención de serie Cultura histórica
650 #4 - PUNTO DE ACCESO ADICIONAL DE MATERIA--TÉRMINO DE MATERIA
Término de materia o nombre geográfico como elemento de entrada Historia universal-
Subdivisión de forma Curiosidades.
9 (RLIN) 13431
700 1# - ENTRADA AGREGADA--NOMBRE PERSONAL
Nombre de persona Adsuar Ortega, Joaquín.
9 (RLIN) 18492
830 0# - PUNTO DE ACCESO ADICIONAL DE SERIE-TÍTULO UNIFORME
Título uniforme Cultura histórica
9 (RLIN) 182395
852 ## - LOCALIZACIÓN
Ubicación ES-MaACL
Número de control de estantería C-49750
Sublocalización o colección R.84700
Holdings
Estatus retirado Estado de pérdida Estado de daño No para préstamo Biblioteca de origen Biblioteca actual Ubicación en estantería Fecha de adquisición Fuente de adquisición Total de préstamos Signatura topográfica completa Código de barras Visto por última vez Precio de reemplazo Tipo de ítem Koha
        Biblioteca del Ateneo de Madrid Biblioteca del Ateneo de Madrid Depósito 2 17/01/2008     C-49750 1098406 23/02/2023 23/02/2023 Libro impreso